000 00458nam a22001817a 4500
003 koha_MIRAKIL
005 20231213095411.0
008 231213b |||||||| |||| 00| 0 ||| d
020 _b9-75458881-3
040 _aTR-IsEVY
_btur
_cTR-IsEVY
082 _a510 DAH/M
100 _aDAHL, KRİSTİN.
245 0 _aMATEMATİĞİN ANLAMI.
260 _bT.İŞ BANKASI KÜLTÜR YAYINLARI,
_c2009
300 _a[ ] p.
650 _aMatematik.
942 _2ddc
_cBK
999 _c2991
_d2991